00282nam a2200121Ia 45000030006000000080041000060400015000471000016000622450027000782600026001055460012001310050017001430STCL150530s9999 xx 000 0 und d aSTCLcSTCL aStern, G.B. aRobert Louis Stevenson bBritish Councilc1971 aEnglish20220125170837.0